000 00872nam a2200277 i 4500
001 193645
003 ES-MaACL
005 20250826063152.0
007 ta
008 240201s2002 sp | |||| 000 spa
040 _aEs-MaACL
100 1 _aGarrido, Adolfo
_eaut
_9235008
245 1 3 _aEl Ateneo /
_cAdolfo Garrido
264 1 _aMadrid :
_bABC,
_c[2002]
300 _a1 página ;
_c30 cm
336 _aTexto
_2rdacontent
337 _asin mediación
_2rdamedia
338 _avolumen
_2rdacarrier
500 _aFotocopia del artículo de Adolfo Garrido sobre el Ateneo de Madrid, publicado en "ABC", 25 de marzo de 2002
610 2 4 _aAteneo de Madrid-
_vHistoria
_91925
655 4 _aArtículos
_9175745
852 4 _aES-MaACL
_cDEPOF
_j2347-F-20
_9201155
942 _2udc
_cART_PRENSA
_n0
999 _c193645
_d193645